000 00895cab a22002055a 4500
001 L149951
008 100519e20100501xxka f g 000 0 eng d
035 _a(Sirsi) u149951
041 0 _aeng
100 1 _aHighmore, Sue
245 0 0 _aPerformance test
260 _c2010
490 _aEstates Gazette
_v(1017) 1 May 2010, 86-87(2)
520 _aThe CRC Energy Efficiency Scheme's aim is to reduce carbon emissions and this article illustrates a number of issues that property buyers should be aware of regarding the scheme. Argues that buyers should be clear about their obligations including whether the buyer will be responsible for the energy supply to the property and the likely energy consumption.
590 _aKA
651 4 _aEngland and Wales
_y1543-
690 _aENVIRONMENTAL AND LAND CONSULTANCY-ENERGY-ENERGY USE-ENERGY EFFICIENCY
700 1 _aSymons, David
942 _n0
999 _c82346
_d82346